000 00237nam a22001097a 4500
082 _a894.812.3
_bKAN/A
245 _aATHIMARAVUM THATHAYUM
260 _aTHRISSUR
_bH&C BOOKS
_c2022
300 _a48
650 _aSTORY
_zTHRISSUR
942 _cBK
999 _c6930
_d6930